[Event "Veliko Gradiste Silver Lake op-A"]
[Site "Veliko Gradiste"]
[Date "2023.06.19"]
[Round "3"]
[White "Stoinev, Metodi"]
[Black "Bryakin, Mikhail"]
[Result "0-1"]
[WhiteElo "2152"]
[BlackElo "2451"]
[PlyCount "142"]
[EventDate "2023.06.18"]
[EventType "swiss"]
[EventRounds "9"]
[EventCountry "SRB"]
[SourceTitle "CBM 215 Extra"]
[Source "ChessBase"]
[SourceDate "2023.09.30"]
[SourceVersion "1"]
[SourceVersionDate "2023.09.30"]
[SourceQuality "1"]

1. e4 c5 2. Nf3 e6 3. b3 Nc6 4. Bb2 a6 5. c4 Qc7 6. Nc3 Nf6 7. Be2 Nd4 8. 0-0 Bd6 9. h3 Nxf3+ 10. Bxf3 Be5 11. Re1 0-0 12. Qc2 Rb8 13. Ne2 Bxb2 14. Qxb2 e5 15. Nc3 d6 16. d3 Be6 17. Qe2 b5 18. Rec1 Qd7 19. Nd1 g6 20. Ne3 Ne8 21. Bg4 f5 22. exf5 gxf5 23. Bf3 Nf6 24. Bd5 Bxd5 25. Nxd5 Nxd5 26. cxd5 Qf7 27. Qf3 a5 28. a3 Rbc8 29. a4 b4 30. Rc4 Qf6 31. Re1 Kh8 32. Kh2 Rg8 33. Rg4 Rxg4 34. hxg4 Qh4+ 35. Kg1 Qxg4 36. Qxg4 fxg4 37. Re4 Rg8 38. Kh2 h5 39. Kg3 Kg7 40. f3 gxf3 41. Kxf3 Rf8+ 42. Ke2 Kg6 43. g3 Rf6 44. Rh4 Kg5 45. Re4 Rf5 46. Rh4 Kf6 47. Re4 Rg5 48. Kf3 Kf5 49. Rh4 Kg6 50. Re4 Kf6 51. Rh4 e4+ 52. dxe4 Ke5 53. Rh1 Kd4 54. Rc1 Rg8 55. Rc4+ Ke5 56. Rc1 Rf8+ 57. Ke3 Rg8 58. Kf3 Rg4 59. Rc4 Rg7 60. Rc1 Kd4 61. Rc4+ Kd3 62. Kf4 Re7 63. Kf5 Re5+ 64. Kf4 Re8 65. Kf5 Ke3 66. Rc1 Re5+ 67. Kg6 Kxe4 68. Kf6 Kxd5 69. Rd1+ Kc6 70. Rd3 Re1 71. Kg5 Rc1 0-1

[Event "EU-ch 23rd"]
[Site "Vrnjacka Banja"]
[Date "2023.03.12"]
[Round "10"]
[White "Kotyk, Michael"]
[Black "Stoinev, Metodi"]
[Result "0-1"]
[WhiteElo "2018"]
[BlackElo "2159"]
[PlyCount "70"]
[EventDate "2023.03.03"]
[EventType "swiss"]
[EventRounds "11"]
[EventCountry "SRB"]
[SourceTitle "CBM 213"]
[Source "ChessBase"]
[SourceDate "2023.04.30"]
[SourceVersion "1"]
[SourceVersionDate "2023.04.30"]
[SourceQuality "1"]

1. d4 d5 2. c4 e6 3. Nc3 Nf6 4. cxd5 exd5 5. Bg5 c6 6. e3 h6 7. Bh4 Be7 8. Bd3 0-0 9. Qc2 Ne8 10. Bxe7 Qxe7 11. Nf3 Nd6 12. 0-0 Re8 13. Rae1 Be6 14. e4 dxe4 15. Nxe4 Nxe4 16. Rxe4 Nd7 17. Rfe1 Nf6 18. Re5 Qb4 19. a3 Qb6 20. a4 a5 21. Qe2 Qb4 22. Bc2 Kf8 23. Qd3 Bd5 24. Nd2 Red8 25. Qc3 Be6 26. Nf3 Bg4 27. Bb3 Rd7 28. Nd2 Qxd4 29. Nc4 Qxc3 30. bxc3 Nd5 31. Nxa5 f6 32. R5e4 Bf5 33. Rd4 Rxa5 34. g4 Nxc3 35. Rc4 Ne2+ 0-1

[Event "EU-ch 23rd"]
[Site "Vrnjacka Banja"]
[Date "2023.03.10"]
[Round "8"]
[White "Yurtseven, Melih"]
[Black "Stoinev, Metodi"]
[Result "1-0"]
[WhiteElo "2327"]
[BlackElo "2159"]
[PlyCount "130"]
[EventDate "2023.03.03"]
[EventType "swiss"]
[EventRounds "11"]
[EventCountry "SRB"]
[SourceTitle "CBM 213"]
[Source "ChessBase"]
[SourceDate "2023.04.30"]
[SourceVersion "1"]
[SourceVersionDate "2023.04.30"]
[SourceQuality "1"]

1. Nf3 d5 2. g3 Nf6 3. Bg2 g6 4. b3 Bg7 5. Bb2 Bg4 6. c4 c6 7. 0-0 0-0 8. d3 Bxf3 9. Bxf3 e6 10. Nd2 Nbd7 11. Qc2 Qe7 12. Bg2 a5 13. a3 Rfd8 14. Rab1 Ne8 15. d4 Nd6 16. Rfe1 Nf5 17. e3 h5 18. Rbd1 Qf8 19. Qb1 a4 20. b4 Nd6 21. c5 Nb5 22. f4 Nf6 23. h3 Bh6 24. Rf1 Qg7 25. Rf3 Kh8 26. Rdf1 Rg8 27. R1f2 Qf8 28. Kh1 Qe7 29. Bf1 Nc7 30. Bd3 Nfe8 31. g4 f5 32. Rg2 Bg7 33. gxh5 gxh5 34. Rfg3 Nf6 35. Rg6 Bf8 36. Rxg8+ Nxg8 37. Nf3 Bg7 38. Qg1 Bf6 39. Be2 Qh7 40. Rg6 Rf8 41. Ne5 Ne7 42. Rg2 Bxe5 43. dxe5 h4 44. Bd1 Qh6 45. Rg5 Rg8 46. Rxg8+ Nxg8 47. Bxa4 Ne7 48. Bb3 Ng6 49. Qe1 Kh7 50. Bd1 Nb5 51. a4 Nc7 52. Bd4 Ne8 53. Qf2 Ng7 54. Qf3 Kg8 55. b5 Kf7 56. b6 Qh8 57. a5 Qa8 58. Bc3 Qf8 59. Bb4 Qd8 60. Bb3 Qh8 61. Qd1 Qd8 62. Qf1 d4 63. Qf3 dxe3 64. Qd1 Qa8 65. Qd7+ Kg8 1-0

[Event "EU-ch 23rd"]
[Site "Vrnjacka Banja"]
[Date "2023.03.09"]
[Round "7"]
[White "Stoinev, Metodi"]
[Black "Carbonell Sancho, Marc"]
[Result "0-1"]
[WhiteElo "2159"]
[BlackElo "2364"]
[PlyCount "76"]
[EventDate "2023.03.03"]
[EventType "swiss"]
[EventRounds "11"]
[EventCountry "SRB"]
[SourceTitle "CBM 213"]
[Source "ChessBase"]
[SourceDate "2023.04.30"]
[SourceVersion "1"]
[SourceVersionDate "2023.04.30"]
[SourceQuality "1"]

1. e4 c5 2. Nf3 d6 3. d4 cxd4 4. Qxd4 Nf6 5. c4 g6 6. Be2 Bg7 7. Nc3 0-0 8. 0-0 Nc6 9. Qd2 a6 10. Rb1 Qa5 11. a3 Bg4 12. b4 Qc7 13. Bb2 Bxf3 14. gxf3 e6 15. Rfc1 Qe7 16. Na4 Rad8 17. Qg5 h6 18. Qh4 g5 19. Qh3 Nd7 20. Rd1 Nde5 21. c5 Ng6 22. Bxg7 Kxg7 23. cxd6 Rxd6 24. Rxd6 Qxd6 25. Nc5 Nf4 26. Qf1 Qd2 27. Re1 Nd4 28. Bd1 Rc8 29. e5 b6 30. Ne4 Qb2 31. h4 Rc1 32. hxg5 Qa1 33. gxh6+ Kxh6 34. Kh2 Nxf3+ 35. Kg3 Nxe1 36. Kxf4 Rxd1 37. Qh3+ Kg7 38. Qg4+ Kf8 0-1

[Event "EU-ch 23rd"]
[Site "Vrnjacka Banja"]
[Date "2023.03.07"]
[Round "5"]
[White "Stoinev, Metodi"]
[Black "Banov, Boil"]
[Result "1-0"]
[WhiteElo "2159"]
[BlackElo "2016"]
[PlyCount "137"]
[EventDate "2023.03.03"]
[EventType "swiss"]
[EventRounds "11"]
[EventCountry "SRB"]
[SourceTitle "CBM 213"]
[Source "ChessBase"]
[SourceDate "2023.04.30"]
[SourceVersion "1"]
[SourceVersionDate "2023.04.30"]
[SourceQuality "1"]

1. e4 c6 2. Nc3 d5 3. Nf3 Bg4 4. h3 Bxf3 5. Qxf3 e6 6. g3 Nf6 7. Bg2 Be7 8. d4 dxe4 9. Qe3 Bb4 10. 0-0 Nd5 11. Qe1 0-0 12. Bd2 Bxc3 13. bxc3 f5 14. f3 e3 15. Bxe3 f4 16. Bd2 Qf6 17. gxf4 Nd7 18. Rf2 Rae8 19. Re2 N7b6 20. Rb1 Qg6 21. Re4 Nc4 22. Kh2 b5 23. Bf1 Nd6 24. Qg3 Qxg3+ 25. Kxg3 h5 26. Re5 Nf5+ 27. Kf2 h4 28. Rbe1 Rf6 29. Bd3 g6 30. a4 a6 31. axb5 axb5 32. Ra1 Nd6 33. Rg5 Kf7 34. Rg4 Nf5 35. Ra6 Rc8 36. c4 bxc4 37. Bxc4 Kg7 38. Bd3 Rf7 39. c4 Nf6 40. Bxf5 exf5 41. Rg1 Rd7 42. Bc3 Kf7 43. d5 Ne8 44. Rxc6 Rxc6 45. dxc6 Rc7 46. Be5 Rxc6 47. Rc1 Ke6 48. Ke3 Nd6 49. Bxd6 Kxd6 50. Kd4 Ra6 51. Rg1 Kd7 52. c5 Ra3 53. Rxg6 Rxf3 54. Ke5 Rxh3 55. Kxf5 Rg3 56. Rh6 h3 57. Kf6 Rc3 58. Rh7+ Kc6 59. Rh5 Rf3 60. Ke5 Ra3 61. Ke6 Re3+ 62. Kf6 Rc3 63. Kg6 Rg3+ 64. Kf6 Rc3 65. Ke6 Re3+ 66. Kf7 Rf3 67. f5 Kxc5 68. f6+ Kd6 69. Rh6 1-0

[Event "Thessaloniki White Tower op-A 2nd"]
[Site "Thessaloniki"]
[Date "2023.01.03"]
[Round "2"]
[White "Stoinev, Metodi"]
[Black "Kyparissopoulos, Spyridon"]
[Result "1/2-1/2"]
[WhiteElo "2174"]
[BlackElo "1668"]
[PlyCount "72"]
[EventDate "2023.01.02"]
[EventType "swiss"]
[EventRounds "9"]
[EventCountry "GRE"]
[SourceTitle "CBM 212 Extra"]
[Source "ChessBase"]
[SourceDate "2023.03.31"]
[SourceVersion "1"]
[SourceVersionDate "2023.03.31"]
[SourceQuality "1"]

1. d4 Nf6 2. Nc3 d5 3. Bf4 e6 4. Nb5 Na6 5. a3 Ne4 6. e3 Be7 7. f3 Nd6 8. Nc3 Bg5 9. Bxg5 Qxg5 10. f4 Qe7 11. Nf3 Nb8 12. Bd3 Nd7 13. 0-0 g6 14. Nb5 Nxb5 15. Bxb5 a6 16. Bd3 c5 17. c3 c4 18. Bc2 f5 19. a4 0-0 20. b3 cxb3 21. Bxb3 Nf6 22. c4 dxc4 23. Bxc4 Bd7 24. Ne5 b5 25. axb5 Bxb5 26. Bxb5 axb5 27. Qb3 Nd5 28. Qxb5 Nxe3 29. Rxa8 Rxa8 30. Re1 Nd5 31. Qc6 Rd8 32. g3 Qd6 33. Qc5 Ne7 34. Nf3 Nc6 35. Qc4 Nxd4 36. Nxd4 Qxd4+ 1/2-1/2

[Event "SRB Central-ch"]
[Site "Pirot"]
[Date "2022.11.23"]
[Round "9"]
[White "Stoinev, Metodi"]
[Black "Delchev, Aleksander"]
[Result "0-1"]
[WhiteElo "2178"]
[BlackElo "2497"]
[PlyCount "83"]
[EventDate "2022.11.16"]
[EventType "swiss"]
[EventRounds "9"]
[EventCountry "SRB"]
[SourceTitle "CBM 211 Extra"]
[Source "ChessBase"]
[SourceDate "2023.01.31"]
[SourceVersion "1"]
[SourceVersionDate "2023.01.31"]
[SourceQuality "1"]

1. e4 c5 2. Nf3 d6 3. d4 cxd4 4. Qxd4 Nf6 5. Bg5 Nc6 6. Bb5 Qa5+ 7. Nc3 Qxb5 8. Nxb5 Nxd4 9. Nfxd4 Nxe4 10. Nc7+ Kd8 11. Nxa8 Nxg5 12. Nb5 a6 13. Nc3 b5 14. h4 Ne6 15. Nb6 Bb7 16. Nbd5 Nc5 17. a3 e6 18. Ne3 h5 19. f3 g6 20. Rd1 Kc7 21. b4 Nd7 22. Ne4 Bxe4 23. fxe4 Bh6 24. Ke2 Nb6 25. Rd3 f5 26. Rf1 Kd7 27. Rfd1 Bf4 28. g3 Be5 29. exf5 gxf5 30. Kf3 Rc8 31. R1d2 Na4 32. Nd1 Rc6 33. Re2 Bg7 34. Kg2 Bh6 35. Rf2 Rc8 36. Ne3 Nb2 37. Rb3 Bxe3 38. Rxb2 Bxf2 39. Kxf2 Rc3 40. Ra2 Kc6 41. a4 bxa4 42. Rxa4 0-1

[Event "Skopje op"]
[Site "Skopje"]
[Date "2022.10.27"]
[Round "9"]
[White "Stoinev, Metodi"]
[Black "Eftovski, Mateo"]
[Result "1/2-1/2"]
[WhiteElo "2190"]
[BlackElo "1928"]
[PlyCount "117"]
[EventDate "2022.10.21"]
[EventType "swiss"]
[EventRounds "9"]
[EventCountry "MKD"]
[SourceTitle "EXT 2024"]
[Source "ChessBase"]
[SourceDate "2023.10.10"]
[SourceVersion "1"]
[SourceVersionDate "2023.10.10"]
[SourceQuality "1"]

1. e4 e5 2. Nf3 Nc6 3. Nc3 g6 4. d4 exd4 5. Nxd4 Bg7 6. Be3 Nf6 7. f3 0-0 8. Qd2 Re8 9. 0-0-0 d5 10. Nxc6 bxc6 11. exd5 cxd5 12. Bh6 Bh8 13. Bb5 Bd7 14. Bxd7 Qxd7 15. Nxd5 Qa4 16. Qb4 Qxa2 17. Ne7+ Rxe7 18. Qxe7 Qa1+ 19. Kd2 Qxb2 20. Rb1 Qd4+ 21. Kc1 Re8 22. Qb4 Qe5 23. Bd2 Nd5 24. Qa5 Qd4 25. Qb5 Rd8 26. Re1 Bf6 27. Bh6 Be7 28. Qd3 Qh4 29. Bd2 Nf4 30. Qe4 Ba3+ 31. Kd1 Nxg2 32. Qxh4 Nxh4 33. Re3 Bd6 34. Rd3 Re8 35. h3 Nf5 36. Rb5 f6 37. Ra5 Kf7 38. Rxa7 g5 39. c4 Kg6 40. c5 Bxc5 41. Rxc7 Bd6 42. Rc4 h5 43. f4 g4 44. hxg4 hxg4 45. Rc6 g3 46. Rxg3+ Nxg3 47. Rxd6 Re4 48. Rd5 f5 49. Rd8 Ne2 50. Rg8+ Kf7 51. Rg2 Nd4 52. Rg3 Ke6 53. Ra3 Nc6 54. Be3 Ne7 55. Ra6+ Kf7 56. Bd2 Ng6 57. Rb6 Nxf4 58. Bxf4 Rxf4 59. Ke2 1/2-1/2

[Event "Paracin Summer op 14th"]
[Site "Paracin"]
[Date "2021.07.16"]
[Round "9"]
[White "Grieve, Harry"]
[Black "Stoinev, Metodi"]
[Result "1-0"]
[WhiteElo "2351"]
[BlackElo "2212"]
[PlyCount "59"]
[EventDate "2021.07.09"]
[EventType "swiss"]
[EventRounds "9"]
[EventCountry "SRB"]
[SourceTitle "EXT 2022"]
[Source "ChessBase"]
[SourceDate "2021.10.06"]
[SourceVersion "1"]
[SourceVersionDate "2021.10.06"]
[SourceQuality "1"]

1. e4 e5 2. Nf3 Nc6 3. Bc4 d6 4. d4 exd4 5. Nxd4 g6 6. Nc3 Bg7 7. Nxc6 bxc6 8. 0-0 Be6 9. Bb3 Nf6 10. e5 Nd5 11. Nxd5 cxd5 12. Bxd5 Bxd5 13. Qxd5 dxe5 14. Qc6+ Kf8 15. Be3 h6 16. Rfd1 Qe8 17. Qxc7 Bf6 18. Bxa7 Kg7 19. c3 Qe6 20. h3 Rhd8 21. Rxd8 Rxd8 22. Be3 Ra8 23. a4 Bg5 24. Qb6 Qc4 25. a5 Bd8 26. Qc5 Qxc5 27. Bxc5 Rxa5 28. Rxa5 Bxa5 29. b4 Bc7 30. Ba7 1-0

[Event "Paracin Summer op 14th"]
[Site "Paracin"]
[Date "2021.07.09"]
[Round "1"]
[White "Stoinev, Metodi"]
[Black "Sturt, Raven M"]
[Result "0-1"]
[WhiteElo "2212"]
[BlackElo "2500"]
[PlyCount "76"]
[EventDate "2021.07.09"]
[EventType "swiss"]
[EventRounds "9"]
[EventCountry "SRB"]
[SourceTitle "CBM 203 Extra"]
[Source "ChessBase"]
[SourceDate "2021.09.30"]
[SourceVersion "1"]
[SourceVersionDate "2021.09.30"]
[SourceQuality "1"]

1. e4 e6 2. d4 d5 3. Nd2 c5 4. exd5 Qxd5 5. dxc5 Nf6 6. Ngf3 Qxc5 7. Bd3 Be7 8. 0-0 Nbd7 9. Qe2 0-0 10. Re1 Qc7 11. Nb3 b6 12. Bg5 Bb7 13. c3 Rfe8 14. Rad1 Rad8 15. Bb5 Nd5 16. c4 Bxg5 17. cxd5 Bf4 18. g3 Bd6 19. Rc1 Qb8 20. Ng5 Re7 21. dxe6 fxe6 22. Bc4 Ne5 23. Qc2 g6 24. Rxe5 Bxe5 25. Nxe6 Rc8 26. Qe2 b5 27. Bxb5 Rxc1+ 28. Nxc1 Rxe6 29. Bc4 Qd6 30. Bxe6+ Qxe6 31. Nd3 Qd5 32. f3 Bd6 33. Qe8+ Bf8 34. Ne5 Ba6 35. Kg2 Bb5 36. Qb8 Qd2+ 37. Kh3 Bf1+ 38. Kh4 Qh6+ 0-1

[Event "Belgrade Serbia op"]
[Site "Belgrade"]
[Date "2021.07.08"]
[Round "9"]
[White "Ronka, Erik"]
[Black "Stoinev, Metodi"]
[Result "1-0"]
[WhiteElo "2303"]
[BlackElo "2212"]
[PlyCount "135"]
[EventDate "2021.07.02"]
[EventType "swiss"]
[EventRounds "9"]
[EventCountry "SRB"]
[SourceTitle "EXT 2022"]
[Source "ChessBase"]
[SourceDate "2021.10.06"]
[SourceVersion "1"]
[SourceVersionDate "2021.10.06"]
[SourceQuality "1"]

1. e4 e5 2. Nf3 Nc6 3. Bb5 g6 4. c3 a6 5. Ba4 Bg7 6. d4 exd4 7. cxd4 b5 8. Bc2 d6 9. d5 Na5 10. 0-0 Ne7 11. Nc3 0-0 12. Nd4 Bb7 13. Bf4 Nc4 14. b3 Na3 15. Rc1 Rc8 16. Nce2 Nxc2 17. Rxc2 Re8 18. f3 Qd7 19. Qd2 Be5 20. Rd1 c5 21. dxc6 Nxc6 22. Nxc6 Bxc6 23. Rcc1 Qa7+ 24. Be3 Qa8 25. Nf4 Bb7 26. Kf2 Rxc1 27. Rxc1 Rc8 28. Rxc8+ Qxc8 29. Bd4 Qc7 30. Bxe5 dxe5 31. Nd3 Bc8 32. b4 Be6 33. Nc5 Qb6 34. Kg3 Bc4 35. a3 Qf6 36. Nd7 Qe7 37. Kf2 Kg7 38. Nc5 a5 39. g3 axb4 40. axb4 Qa7 41. g4 Qa1 42. Qe1 Qd4+ 43. Kg3 h5 44. gxh5 gxh5 45. Kh4 Qd8+ 46. Kxh5 Qf6 47. Qe3 Qg6+ 48. Kh4 f6 49. f4 Qh6+ 50. Kg3 Bf1 51. Kf2 exf4 52. Ne6+ Kf7 53. Qxf4 Qxf4+ 54. Nxf4 Bc4 55. Ke3 Kg7 56. Nd5 f5 57. Nb6 Be6 58. e5 Kf7 59. Na8 Bc4 60. Nc7 Ke7 61. Kd4 f4 62. Ke4 Kd7 63. Na6 Kc6 64. Kxf4 Bg8 65. Ke4 Bh7+ 66. Kd4 Bf5 67. Nc5 Bh3 68. Ke4 1-0

[Event "Belgrade Serbia op"]
[Site "Belgrade"]
[Date "2021.07.06"]
[Round "7"]
[White "Yordanov, Lachezar"]
[Black "Stoinev, Metodi"]
[Result "1-0"]
[WhiteElo "2325"]
[BlackElo "2212"]
[PlyCount "81"]
[EventDate "2021.07.02"]
[EventType "swiss"]
[EventRounds "9"]
[EventCountry "SRB"]
[SourceTitle "EXT 2022"]
[Source "ChessBase"]
[SourceDate "2021.10.06"]
[SourceVersion "1"]
[SourceVersionDate "2021.10.06"]
[SourceQuality "1"]

1. d4 Nf6 2. c4 e6 3. Nc3 d5 4. cxd5 exd5 5. Bg5 Nbd7 6. e3 c6 7. Bd3 Be7 8. Qc2 Nh5 9. Bxe7 Qxe7 10. Nge2 g6 11. 0-0-0 Nb6 12. Kb1 Ng7 13. Na4 Bf5 14. Nf4 Nxa4 15. Qxa4 0-0 16. Qc2 Rfe8 17. h3 Bxd3 18. Nxd3 Nf5 19. Rc1 Nd6 20. h4 f6 21. g4 Rac8 22. Rcg1 Ne4 23. g5 fxg5 24. hxg5 c5 25. dxc5 Nxc5 26. Nf4 Qe4 27. Qxe4 Nxe4 28. Nxd5 Re5 29. Rd1 Kg7 30. f4 Re6 31. Rd4 Ng3 32. Rhd1 Nf5 33. Rb4 b6 34. e4 Nd6 35. e5 Nc4 36. b3 Na5 37. Nf6 Re7 38. Rbd4 h5 39. gxh6+ Kf7 40. h7 Nc6 41. Rd8 1-0

[Event "Belgrade Serbia op"]
[Site "Belgrade"]
[Date "2021.07.05"]
[Round "5"]
[White "Stoinev, Metodi"]
[Black "Aditya, Mittal"]
[Result "0-1"]
[WhiteElo "2212"]
[BlackElo "2438"]
[PlyCount "84"]
[EventDate "2021.07.02"]
[EventType "swiss"]
[EventRounds "9"]
[EventCountry "SRB"]
[SourceTitle "CBM 203 Extra"]
[Source "ChessBase"]
[SourceDate "2021.09.30"]
[SourceVersion "1"]
[SourceVersionDate "2021.09.30"]
[SourceQuality "1"]

1. e4 c5 2. Nf3 d6 3. d4 cxd4 4. Qxd4 Nc6 5. Qe3 g6 6. c4 Bg7 7. Be2 Qb6 8. Nc3 Qxe3 9. Bxe3 Bxc3+ 10. bxc3 Nf6 11. Nd2 b6 12. f3 Be6 13. Bd4 Rc8 14. Rb1 Na5 15. Rb4 0-0 16. g4 Rc7 17. Bxf6 exf6 18. Kf2 Rfc8 19. Rd1 Kf8 20. Ra4 Ke7 21. h3 h6 22. h4 Bd7 23. Rb4 Nc6 24. Rb2 Be6 25. Nf1 Ne5 26. Rbd2 Nxc4 27. Bxc4 Rxc4 28. Rxd6 Rxc3 29. Ne3 Ra3 30. R1d3 Rcc3 31. Rxc3 Rxc3 32. a4 Rb3 33. Nd5+ Bxd5 34. Rxd5 a5 35. Rd4 Ke6 36. f4 g5 37. fxg5 fxg5 38. hxg5 hxg5 39. Rd5 f6 40. Rf5 Rb4 41. Ke3 Rxa4 42. e5 Rf4 0-1

[Event "Pancevo Gligoric Memorial"]
[Site "Pancevo"]
[Date "2021.06.22"]
[Round "9"]
[White "Popchev, Milko"]
[Black "Stoinev, Metodi"]
[Result "1/2-1/2"]
[WhiteElo "2235"]
[BlackElo "2236"]
[PlyCount "98"]
[EventDate "2021.06.17"]
[EventType "tourn"]
[EventRounds "9"]
[EventCountry "SRB"]
[EventCategory "2"]
[SourceTitle "CBM 203 Extra"]
[Source "ChessBase"]
[SourceDate "2021.09.30"]
[SourceVersion "1"]
[SourceVersionDate "2021.09.30"]
[SourceQuality "1"]

1. e4 e5 2. Nc3 Nc6 3. g3 Bc5 4. Bg2 d6 5. d3 f5 6. Nf3 Nf6 7. 0-0 0-0 8. Na4 fxe4 9. dxe4 Bb6 10. Nxb6 axb6 11. c3 h6 12. Qb3+ Kh7 13. Nh4 Qe8 14. Qc2 Be6 15. b3 g5 16. Nf5 Qg6 17. Ne3 Rf7 18. Bd2 Raf8 19. Rae1 Ne7 20. Bc1 Nh5 21. f3 Kh8 22. Rf2 Nf6 23. Ref1 Nh5 24. Qd2 Kh7 25. c4 Nf6 26. Nd5 Nc6 27. Bb2 Bc8 28. Qe3 Nh5 29. b4 Nf6 30. a3 Be6 31. Rd2 Bc8 32. Rff2 Nd8 33. Nxf6+ Rxf6 34. c5 bxc5 35. bxc5 Nc6 36. cxd6 Rxd6 37. Rxd6 Qxd6 38. Rd2 Qe7 39. Bf1 Rd8 40. Rxd8 Qxd8 41. f4 gxf4 42. gxf4 Nd4 43. fxe5 c5 44. Bxd4 cxd4 45. Qf4 Be6 46. Bd3 Qa5 47. Qf8 Qxe5 48. Qe7+ Kg6 49. Qe8+ Kg7 1/2-1/2

[Event "Pancevo Gligoric Memorial"]
[Site "Pancevo"]
[Date "2021.06.20"]
[Round "6"]
[White "Stoinev, Metodi"]
[Black "Vrbljanac, Aleksandar"]
[Result "0-1"]
[WhiteElo "2236"]
[BlackElo "2321"]
[PlyCount "79"]
[EventDate "2021.06.17"]
[EventType "tourn"]
[EventRounds "9"]
[EventCountry "SRB"]
[EventCategory "2"]
[SourceTitle "CBM 203 Extra"]
[Source "ChessBase"]
[SourceDate "2021.09.30"]
[SourceVersion "1"]
[SourceVersionDate "2021.09.30"]
[SourceQuality "1"]

1. e4 c5 2. Nf3 Nc6 3. Bb5 d6 4. 0-0 Bd7 5. Re1 Nf6 6. c3 a6 7. Bf1 Bg4 8. h3 Bxf3 9. Qxf3 g6 10. d3 Bg7 11. Nd2 0-0 12. Qd1 Nd7 13. f4 b5 14. Nf3 b4 15. d4 e6 16. Be3 bxc3 17. bxc3 cxd4 18. cxd4 Qa5 19. Qe2 d5 20. e5 Nb6 21. Nd2 Qa4 22. Rec1 Rfc8 23. Nb3 Nc4 24. Nc5 Qa3 25. Bf2 Rab8 26. Qg4 h5 27. Qd1 Bh6 28. Bxc4 dxc4 29. Rxc4 Ne7 30. Ra4 Qb2 31. Rxa6 Bxf4 32. Qf1 Nd5 33. Re1 Bd2 34. Re4 Qc2 35. Qe2 Rxc5 36. dxc5 Nc3 37. Qc4 Qxe4 38. Qxe4 Nxe4 39. c6 Rb1+ 40. Kh2 0-1

[Event "EU-ch Online U2300 Qual"]
[Site "Chess.com INT"]
[Date "2020.05.25"]
[Round "6"]
[White "Stoinev, Metodi"]
[Black "Radosevic, Nenad"]
[Result "0-1"]
[WhiteElo "2202"]
[BlackElo "2157"]
[PlyCount "68"]
[EventDate "2020.05.25"]
[EventType "swiss"]
[EventRounds "8"]
[EventCountry "NET"]
[SourceTitle "EXT 2021"]
[Source "ChessBase"]
[SourceDate "2020.10.23"]
[SourceVersion "1"]
[SourceVersionDate "2020.10.23"]
[SourceQuality "1"]

1. e4 e6 2. d4 d5 3. Nd2 Nf6 4. e5 Nfd7 5. Bd3 c5 6. c3 Nc6 7. Ne2 cxd4 8. cxd4 f6 9. exf6 Nxf6 10. 0-0 Bd6 11. Nf3 Qc7 12. Nc3 a6 13. Bd2 0-0 14. Rc1 Bd7 15. Re1 Rae8 16. Ne5 Bc8 17. Bf4 Ne4 18. Nxe4 Rxf4 19. Nxd6 Qxd6 20. Nxc6 bxc6 21. g3 Rf6 22. Re5 Qb4 23. Rc2 Ref8 24. a3 Qb6 25. Kg2 a5 26. Rce2 g6 27. Bb1 Ba6 28. Rd2 c5 29. dxc5 Qxc5 30. Qg4 Rxf2+ 31. Rxf2 Qxf2+ 32. Kh3 Bf1+ 33. Kh4 Qxh2+ 34. Kg5 Kg7 0-1

[Event "Thessaloniki Vardaris op 6th"]
[Site "Thessaloniki"]
[Date "2020.03.01"]
[Round "6"]
[White "Nteligiorgis, Eleftherios"]
[Black "Stoinev, Metodi"]
[Result "1-0"]
[WhiteElo "1944"]
[BlackElo "2206"]
[PlyCount "53"]
[EventDate "2020.02.27"]
[EventType "swiss"]
[EventRounds "7"]
[EventCountry "GRE"]
[SourceTitle "CBM 195 Extra"]
[Source "ChessBase"]
[SourceDate "2020.05.31"]
[SourceVersion "1"]
[SourceVersionDate "2020.05.31"]
[SourceQuality "1"]

1. e4 e5 2. Nf3 Nc6 3. Bc4 d6 4. d4 exd4 5. Nxd4 g6 6. Nc3 Bg7 7. Be3 Nf6 8. f3 0-0 9. Qd2 Re8 10. 0-0-0 a6 11. h4 Ne5 12. Be2 b5 13. Nb3 Be6 14. Bh6 Bh8 15. g4 Bc4 16. Bg5 Qc8 17. h5 b4 18. Nd5 Nxd5 19. exd5 Bxe2 20. Qxe2 Nxg4 21. Qd2 Ne5 22. hxg6 fxg6 23. Rxh7 Kxh7 24. Rh1+ Kg8 25. Rxh8+ Kxh8 26. Bf6+ Kg8 27. Qh6 1-0

[Event "Thessaloniki White Tower op 42nd"]
[Site "Thessaloniki"]
[Date "2020.01.05"]
[Round "6"]
[White "Stoinev, Metodi"]
[Black "Karagiannis, Thomas Aristotelis"]
[Result "1-0"]
[WhiteElo "2193"]
[BlackElo "1717"]
[PlyCount "125"]
[EventDate "2020.01.02"]
[EventType "swiss"]
[EventRounds "9"]
[EventCountry "GRE"]
[SourceTitle "CBM 194 Extra"]
[Source "ChessBase"]
[SourceDate "2020.03.31"]
[SourceVersion "1"]
[SourceVersionDate "2020.03.31"]
[SourceQuality "1"]

1. e4 c6 2. Nc3 d5 3. Nf3 Bg4 4. h3 Bxf3 5. Qxf3 Nf6 6. Be2 e6 7. 0-0 Nbd7 8. d4 Bb4 9. e5 Ng8 10. Qg3 g6 11. Nd1 Ne7 12. Qb3 Qb6 13. c3 Ba5 14. Qa3 Qd8 15. Bg5 Bb6 16. b4 0-0 17. Qc1 Bc7 18. Bh6 Re8 19. Bd3 f6 20. f4 Nf5 21. Bxf5 exf5 22. Nf2 Nf8 23. Nd3 Ne6 24. Kh1 Qe7 25. Qe3 Nd8 26. Qd2 Nf7 27. Nc5 Nxh6 28. Nxb7 Nf7 29. Nc5 fxe5 30. fxe5 Nd8 31. Rae1 Ne6 32. Nd3 Rf8 33. Re3 Qg7 34. Rg3 Bd8 35. a4 Bh4 36. Rgf3 Bg5 37. Qa2 a6 38. g3 Qh6 39. h4 f4 40. Kg1 Bxh4 41. gxh4 Qxh4 42. Qh2 Qxh2+ 43. Kxh2 g5 44. Rg1 h5 45. Nc5 Nxc5 46. Rxg5+ Kh7 47. bxc5 Kh6 48. Rg2 Rab8 49. e6 Rbe8 50. Re2 Rf6 51. e7 Kg6 52. Re5 Rf5 53. Re6+ Rf6 54. Rxf6+ Kxf6 55. Rxf4+ Kxe7 56. Rf5 Rb8 57. Rxh5 Rb2+ 58. Kg3 Ra2 59. Kf4 Ke6 60. Rh6+ Kd7 61. Rh7+ Kc8 62. Ke5 Rg2 63. Re7 1-0

[Event "Thessaloniki White Tower op 42nd"]
[Site "Thessaloniki"]
[Date "2020.01.05"]
[Round "7"]
[White "Stoinev, Metodi"]
[Black "Kukov, Velislav"]
[Result "1/2-1/2"]
[WhiteElo "2193"]
[BlackElo "2349"]
[PlyCount "105"]
[EventDate "2020.01.02"]
[EventType "swiss"]
[EventRounds "9"]
[EventCountry "GRE"]
[SourceTitle "CBM 194 Extra"]
[Source "ChessBase"]
[SourceDate "2020.03.31"]
[SourceVersion "1"]
[SourceVersionDate "2020.03.31"]
[SourceQuality "1"]

1. e4 c6 2. Nc3 d5 3. Nf3 dxe4 4. Nxe4 Nf6 5. Qe2 Nxe4 6. Qxe4 Qd5 7. Qf4 Qf5 8. Qxf5 Bxf5 9. d3 e6 10. h3 Nd7 11. Nh4 Bg6 12. Be2 Be7 13. Nxg6 hxg6 14. 0-0 Bc5 15. Bd2 a5 16. a4 0-0 17. Rfe1 Nf6 18. Bf3 Rfd8 19. Rad1 Rd7 20. g3 Nd5 21. Bc3 Bb4 22. Bd2 Bxd2 23. Rxd2 Nb6 24. Re4 c5 25. Rde2 Rc8 26. b3 Nd5 27. Re5 Ne7 28. g4 b6 29. Kg2 Rcd8 30. Kg3 Nd5 31. Bxd5 Rxd5 32. f4 Kf8 33. h4 Ke7 34. R5e3 Kd6 35. Rf3 Re8 36. Rf1 Re7 37. Rf3 f6 38. Rfe3 e5 39. Kf3 Rd4 40. fxe5+ fxe5 41. Kg3 Rf4 42. Rf3 Rxf3+ 43. Kxf3 Rf7+ 44. Kg3 Kd5 45. Re4 Rf1 46. Rc4 Rg1+ 47. Kf2 Rh1 48. Kg3 Re1 49. Kf3 Rh1 50. Kg3 Rc1 51. Kf3 Re1 52. Kf2 Rh1 53. Kg3 1/2-1/2